00234nam a2200109Ia 4500100001800000650001600018654002300034245003100057260001000088082001400098546001200112 aAnshuman Kit  aAutomobiles aInstruction manual aInstruction Manual S1/V 51 bXEROX a5.43bPAN aENGLISH